| 000 | 00554nam a2200193 a 4500 | ||
|---|---|---|---|
| 001 | 7203 | ||
| 003 | CO-ViMGA | ||
| 008 | 141112s2004 ck r 000 u spa d | ||
| 020 | _a9681200144 | ||
| 040 |
_aCO-ViMGA _bspa _cCO-ViMGA |
||
| 082 | 0 | 4 | _a312.18 N768p |
| 100 | 1 |
_aUrquidi, Victor L.; Morelos, Jose B. _96340 |
|
| 245 | 1 | 0 | _aPoblación y desarrollo en América Latina |
| 260 |
_aMexico, _cEl colegio de Mexico, _c1979 |
||
| 300 | _a481.p. | ||
| 650 | 1 | 4 |
_aDEMOGRAFIA - LATINA _96341 |
| 650 | 1 | 4 |
_aPOBLACION - América LATINA _96342 |
| 942 |
_2ddc _cBK |
||
| 999 |
_c19165 _d19165 |
||